Word Ladder: KimYe's Kids Quiz Stats

 Plays Quiz Updated Sep 11, 2017

Challenge
Share
Tweet
Embed
Score 0/24 Timer 05:00
1 Play Today
Clue 5-Letter Word % Correct
Upwards on a map, usually•NORTH•
98.9%
Eight times fiveFORTY
95.8%
Month of Pi DayMARCH
93.2%
Flat dish for foodPLATE
92.1%
'Back to the Future' hero, McFlyMARTY
92%
One of fifty in the USSTATE
91.9%
To look at fixedly; to gazeSTARE
91.2%
Stone fruit associated with GeorgiaPEACH
91%
Rick's cartoon companionMORTY
90.7%
State of tranquilityPEACE
90.3%
Part of a trio with 'game' and 'set'MATCH
89.9%
Major river of ScotlandFORTH
89.3%
Clue 5-Letter Word % Correct
Part of a trio with 'person' and 'thing'PLACE
89%
Fine-grained rock (or Fred Flintstone's boss)SLATE
88.9%
Piece of cloth to cover a holePATCH
87.7%
Landing place for a birdPERCH
87.3%
To roast or dry; to make thirstyPARCH
86.7%
'Sex and Candy' band: ___ PlaygroundMARCY
85.6%
'Game of Thrones' familySTARK
81.1%
New Orleans footballer•SAINT•
80.2%
A strong, bad smellSTINK
79.8%
A period of time doing somethingSTINT
73.6%
Long, thin piece of woodSTICK
67.1%
Large pile or moundSTACK
66%

Today's Daily Dose

Missing Word
Top 10 Artists

Word Ladder
'70s Song II

On This Day
October 20th II

You're not logged in!

Compare scores with friends on all Sporcle quizzes.
Join for Free
OR
Log In

You Might Also Like...

Show Comments

Extras

Top Quizzes Today


Score Distribution

Your Account Isn't Verified!

In order to create a playlist on Sporcle, you need to verify the email address you used during registration. Go to your Sporcle Settings to finish the process.

Report this User

Report this user for behavior that violates our Community Guidelines.

Details: